Statistiques concernant Provinces du Canada en 20 secondes

Cliquez ici pour prendre le quiz!

Statistiques générales

  • Ce quiz a été pris 227 fois
  • Le résultat moyen est 5 sur 13

Statistiques - réponses

Provinces% Correct
Québec
92%
Ontario
67%
Alberta
53%
Colombie-Britannique
35%
Manitoba
35%
Saskatchewan
32%
Yukon
30%
Nunavut
23%
Nouvelle-Écosse
22%
Nouveau-Brunswick
21%
Terre-Neuve-et-Labrador
19%
Île-du-Prince-Édouard
14%
Territoires du Nord-Ouest
11%

Distribution des résultats

Percentile par nombre de réponses

% des personnes avec chaque résultat

Votre développement - résultats

Vous n’avez pas pris ce quiz